| 000 | 01899nam a2200241Ia 4500 | ||
|---|---|---|---|
| 001 | 293 | ||
| 005 | 20251203123025.0 | ||
| 008 | 251203t2007||||xx |||||||||||||| ||spa|| | ||
| 020 | _a9788441324152 | ||
| 041 | _aESP | ||
| 082 |
_aRO 900 _bF72 |
||
| 110 | _aFolio | ||
| 245 | 0 |
_aGrandes civilizaciones : _b[Tomos 1-16] |
|
| 260 |
_aBarcelona : _bEdiciones Folio, _c2007 |
||
| 300 |
_a141 páginas : _b ilustraciones, fotografías ; _c 30 cm. _e |
||
| 440 |
_a _n _v |
||
| 500 | _aEsta colección esta incompleta. | ||
| 505 | _aContiene: Tomo 1. Antiguo Egipto. La civilización del Nilo – Alberto Siliotti; Tomo 2. Antiguo Egipto. Tierra de dioses y faraones - Alberto Siliotti; Tomo 3. Israel. Jerusalén, la ciudad sagrada de tres religiones – Sarah Kochav; Tomo 4. Israel. Las tierras de la Biblia - Sarah Kochav; Tomo 5. Antigua China. Una cultura milenaria – Maurizio Scarpari; Tomo 6. Antigua China. Tesoros artísticos – Maurizio Scarpari; Tomo 7. India antigua. Historia de la cultura hindú – Marilia Albanese; Tomo 8. India antigua. Arte, religión y vida cotidiana - Marilia Albanese; Tomo 9. Grecia antigua. Cuna de la civilización occidental – Furio Durando; Tomo 10. Grecia antigua. El arte griego a través de los siglos – Furio Durando; Tomo 11. Roma antigua. Auge y decadencia del Imperio romano – Anna María Liberati; Tomo 12. Roma antigua. El esplendor de una civilización – Anna María Liberati; Tomo 13. México antiguo. El mundo azteca y maya – María Longhena; Tomo 14. México antiguo. Mesoamérica precolombina - María Longhena; Tomo 15. Perú antiguo. Historia de las culturas andinas - María Longhena; Tomo 16. Perú antiguo. Los incas, hijos del Sol - María Longhena. | ||
| 650 | _aGEH | ||
| 653 | _aHistoria antigua; Civilizacion egipcia; Civilización griega; Maravillas del mundo; Colección | ||
| 654 | _aCTP | ||
| 942 |
_cLIB _dJUS _fMAT _2ddc _n |
||
| 999 |
_c293 _d293 |
||